|
|
|
|
| LEADER |
00000nam a22000007a 4500 |
| 005 |
20190412215939.0 |
| 007 |
cr|||| |||| |
| 008 |
190412s2018 es |||||s|||| 00||0 spa d |
| 020 |
|
|
|a 978-84-949529-3-7
|
| 035 |
|
|
|a 23042
|
| 040 |
|
|
|a vLex
|
| 090 |
|
|
|c 8616
|d 8616
|
| 100 |
1 |
|
|a Gavara de Cara, Juan Carlos
|
| 245 |
1 |
0 |
|a Perspectiva de gňero y gobierno de las universidades
|h [Recurso electrn̤ico] /
|c Juan Carlos Gavara de Cara, Jos ̌Carlos Remotti Carbonell
|
| 256 |
|
|
|a Servicio en ln̕ea
|
| 260 |
|
|
|a Barcelona:
|b J.M. Bosch Editor,
|c 2018
|
| 300 |
|
|
|a 1 recurso electrn̤ico
|
| 506 |
1 |
|
|a Disponible solo en los productos indicados
|d vLex Global
|d vLex Global (Academic Edition, excluding Law Schools)
|d vLex Global (U.S. Academic Edition, Law Schools)
|d vLex Global (U.S. Academic Edition, excluding Law Schools)
|d vLex Global (Academic Edition, Law Schools)
|
| 650 |
0 |
4 |
|a Derecho Civil
|z Espaą
|
| 650 |
0 |
4 |
|a Derecho Pb︢lico y Administrativo
|z Espaą
|
| 700 |
1 |
|
|a Remotti Carbonell, Jos ̌Carlos
|
| 740 |
0 |
|
|a vLex Libros (Servicio en ln̕ea)
|
| 856 |
4 |
0 |
|u http://vlex.com/source/perspectiva-genero-gobierno-universidades-23042
|z Acceso restringido
|
| 942 |
|
|
|c BOOK
|
| 999 |
0 |
|
|a Civil Law
|
| 999 |
0 |
|
|a Public and Administrative Law
|